000 00532nam a2200181Ia 4500
008 090124s9999 xx 000 0 und d
082 _b27893
_a2731
100 _aशिंदे पुर्णिमा
245 _a चैत्रपालवी
250 _a1
260 _c1995
300 _a71
600 _aशिंदे पुर्णिमा
630 _a चैत्रपालवी
700 _aशिंदे पुर्णिमा
730 _a चैत्रपालवी
942 _cBOOK
999 _c141355
_d141355